000 00872nam a22002537a 4500
999 _c63706
_d63706
005 20240530110655.0
008 171218s2016 ua a g b 000 0 ara d
017 _a2015/22152
_bمصر. دار الكتب
020 _a9777800334
040 _aEG-CaGPL
_cEG-CaGPL
082 0 4 _221
_a371.926 /
_bع ت
100 0 _aعادل محمد العدل
245 1 0 _aتشخيص وتقييم صعوبات التعلم /
_cعادل محمد العدل
250 _aط.1
260 _aالقاهرة :
_bعالم الكتب ،
_c2016.
300 _a384 ص. :
_bايض ؛
_c24 سم.
504 _aيشتمل على ارجاعات ببليوجرافية
650 0 7 _2qrmak
_aالتعليم
650 0 7 _2qrmak
_aالمعوقون
_xتعليم
651 _2qrmak
653 0 _aصعوبات التعلم
942 _2ddc
_cBK